000 01021nam a2200289 i 4500
001 8417
003 ES-MaACL
005 20240522121428.0
007 t|
008 920617s1992 sp f |||| |dspa d
020 _a84-397-1820-9
080 _a929 Flaubert, Gustave
080 _a929 Turguenev, Ivan Sergueevich
100 1 _aFlaubert, Gustave,
_d1821-1880
_951134
245 1 0 _aCorrespondencia /
_cGustave Flaubert, Iván Turguéniev ; introducción y notas de Alexandre Zviguilsky.
260 _aBarcelona :
_bMondadori,
_c[1992]
300 _a354 p., [16] p. de lám. ;
_c22 cm.
490 1 _aLiteratura y vida
504 _aBibliogr. p.: 347-354.
600 1 4 _aFlaubert, Gustave,
_d1821-1880-
_xCorrespondencia
_951135
600 1 7 _aTurguenev, Ivan Sergueevich,
_d1818-1883
_2
_9133416
700 1 _aZviguilsky, Alexandre.
_9118555
700 1 _aTurguenev, Ivan Sergueevich,
_d1818-1883
_9133416
830 0 _aLiteratura y vida
_9227973
852 _aES-MaACL
_jL-15793
999 _c8417
_d8417